| 000 | 00781nam a2200241 a 4500 | ||
|---|---|---|---|
| 999 |
_c447382 _d447382 |
||
| 003 | BLK | ||
| 005 | 20230727123004.0 | ||
| 008 | 220302b bu |||||r|||| 00| ||bu d | ||
| 040 | _aBLK | ||
| 041 |
_aBUL _cBUL |
||
| 080 |
_aТоплоелектрически парни централи (ТЕЦ). Вж и 621.18 _b621.311.22 _x(062) _z621.311.22(062) |
||
| 139 | _bТ 45 | ||
| 245 |
_aТЕЦ "Русе-изток" _h[Малотир. изд.] |
||
| 257 | _aBGR | ||
| 260 |
_9217386 _aСофия _bБулгарреклама _c1989 |
||
| 300 |
_a1 л. _bс цв. ил. _c22х44 см |
||
| 380 | _a62 | ||
| 653 | 0 |
_9414343 _aтоплоенергетика |
|
| 653 | 7 |
_9198335 _aТЕЦ |
|
| 852 |
_bК _cК 62/Т 45 |
||
| 942 |
_cKNG _n0 _s1 _01 |
||
| 944 |
_aCR _c2022-03-07 _k30556 _lТеодора Пейчева-Дянкова |
||